| 000 | 00387nam a2200133 a 4500 | ||
|---|---|---|---|
| 001 | 4553 | ||
| 003 | CDMR | ||
| 005 | 20130116135257.0 | ||
| 008 | 130130s1982||||||||||||||||||||||||||||d | ||
| 040 |
_aCDMR _bcat _cCDMR |
||
| 245 | 0 | _aExtracte del reglament del dipòsit legal | |
| 260 |
_aBarcelona _c1982 _bGeneralitat de Catalunya. Departament de Cultura i Mitjans de Comunicació |
||
| 942 | _cMON | ||
| 999 |
_c4553 _d4553 |
||